000 00326nam a2200121Ia 4500
008 190722s9999 xx 000 0 und d
020 _a978-81-224-2835-3
100 _aSatish B. Mathur
245 0 _aWorking Capital Management And Control
260 _aNew Delhi
_bNew Age Int. Pub. Pvt. Ltd.
_c2013
300 _a514
942 _cBK
999 _c684
_d684